Berlin : le génie de l'improvisation /

Saved in:
Bibliographic Details
Other Authors: Masboungi, Ariella, (Editor, Contributor), Petitjean, Antoine, (Contributor)
Format: Book
Language:French
Published: [Marseille] : Parenthèses, [2017]
Subjects:
Tags: Add Tag
No Tags, Be the first to tag this record!
LEADER 01367cam a2200337 i 4500
001 13013885
005 20180208220331.0
008 171009s2017 fr abe b 100 0 fre d
020 |a 9782863642498 (pbk.) :  |c 24,00 EUR 
035 |a (OCoLC)1007219016 
035 |a (OCoLC)on1007219016 
035 |a (Fr-PaAMA)AAL0761862-0001 
035 |a (NNC)13013885 
040 |a Fr-PaAMA  |e rda 
043 |a e-gx--- 
050 4 |a HT169.G32  |b B545 2017 
245 0 0 |a Berlin :  |b le génie de l'improvisation /  |c sous la direction de Ariella Masboungi ; textes de Antoine Petitjean, Ariella Masboungi. 
264 1 |a [Marseille] :  |b Parenthèses,  |c [2017] 
264 4 |c copyright 2017 
300 |a 223 pages :  |b illustrations (chiefly color), maps, plans ;  |c 26 cm 
336 |a text  |b txt  |2 rdacontent 
337 |a unmediated  |b n  |2 rdamedia 
338 |a volume  |b nc  |2 rdacarrier 
500 |a Proceedings of the workshop "projet urbain" held at Berlin, Germany, September 18-19, 2017. 
504 |a Includes bibliographical references. 
650 0 |a City planning  |x Social aspects  |z Germany  |z Berlin  |v Congresses. 
650 0 |a Urbanization  |z Germany  |z Berlin  |v Congresses. 
650 0 |a Urban ecology (Sociology)  |z Germany  |z Berlin  |v Congresses. 
700 1 |a Masboungi, Ariella,  |e editor,  |e contributor. 
700 1 |a Petitjean, Antoine,  |e contributor. 
852 0 0 |b off,leh  |h HT169.G32  |i B545 2017g